000 00302nam a2200109Ia 4500
008 190907s9999||||xx |||||||||||||| ||und||
100 _aChristopher Viney
245 0 _aMc Grath's Financial Institutions Instruments And Markets
260 _aCanada
_bTata McGraw Hill
_c2003
300 _a735
942 _cBK
999 _c6424
_d6424